00480nam a22001817a 4500003000500000005001700005008004100022050002300063082002300086245006100109250001100170260004400181300003100225521001300256526001700269541000600286562000600292OSt 20140310183113.0130410t xxu||||| |||| 00| 0 eng d aLC 315b.B352 2009 aFIL 170 bB31 2009 aEssentials of values education /cBauzon, Priciliano T.  a3rd ed aManila : bNational Book Store, c2009. a169 p. :bill. ; c22 cm.  aCollege  c1210L-1700L  j1 e1